Sports Quiz

Random Sports or NFL Quiz

NFL Starting QBs (Minnesota Vikings) Quiz Stats

 Plays Quiz Updated Jan 4, 2021

Support Sporcle.
Go Orange.
Score 0/22 Timer 04:00
8 Plays Today
Starts Player % Correct
29Brett Favre
83.5%
80Daunte Culpepper
83.2%
47Kirk Cousins
77.7%
28Teddy Bridgewater
75.5%
36Christian Ponder
75.4%
17Sam Bradford
63.9%
14Case Keenum
61.7%
20Tarvaris Jackson
60%
23Brad Johnson
55.7%
6Randall Cunningham
51.2%
9Matt Cassel
47.5%
Starts Player % Correct
4Joe Webb
46.1%
6Donovan McNabb
37.8%
1Josh Freeman
34.9%
13Gus Frerotte
32.7%
1Shaun Hill
32.3%
10Jeff George
26%
1Sean Mannion
20.3%
2Spergon Wynn
13.3%
1Brooks Bollinger
12.9%
3Todd Bouman
10.8%
3Kelly Holcomb
9.8%

You're not logged in!

Compare scores with friends on all Sporcle quizzes.
OR
Log In

From the Vault

Old or New Testament Figures II

by awesomeness365

How many more years have to pass before we start calling the New Testament old?
Remove Ads.
Support Sporcle.
Get the best of Sporcle when you Go Orange. This ad-free experience offers more features, more stats, and more fun while also helping to support Sporcle. Thank you for becoming a member.

Show Comments

Extras

Top Quizzes Today


Score Distribution

Your Account Isn't Verified!

In order to create a playlist on Sporcle, you need to verify the email address you used during registration. Go to your Sporcle Settings to finish the process.

Report this User

Report this user for behavior that violates our Community Guidelines.

Details: